Colonialism, property and the state / (Record no. 164602)

MARC details
000 -LEADER
fixed length control field 00494nam a22001697a 4500
005 - DATE AND TIME OF LATEST TRANSACTION
control field 20190523122818.0
010 ## - LCCN (DPL NO)
LC control number B-055303
020 ## - INTERNATIONAL STANDARD BOOK NUMBER
International Standard Book Number 0195651510
Terms of availability 345.00
035 ## - SYSTEM CONTROL NUMBER
System control number B-055303
037 ## - SOURCE OF ACQUISITION
Source of stock number/acquisition Oxford University Press
082 ## - DEWEY DECIMAL CLASSIFICATION NUMBER
Classification number 954
100 ## - MAIN ENTRY--PERSONAL NAME
Personal name Kumar, Dharma.
245 ## - TITLE STATEMENT
Title Colonialism, property and the state /
Statement of responsibility, etc Dharma Kumar
260 ## - PUBLICATION, DISTRIBUTION, ETC. (IMPRINT)
Place of publication, distribution, etc New Delhi
Name of publisher, distributor, etc Oxford University Press
Date of publication, distribution, etc 1998
300 ## - PHYSICAL DESCRIPTION
Extent 385p (it include index)
Dimensions 21cm (hbk)
942 ## - ADDED ENTRY ELEMENTS (KOHA)
Source of classification or shelving scheme Dewey Decimal Classification
Item type English Books
Classification part 954
Call number suffix DHA
Holdings
Withdrawn status Lost status Not for loan Collection code Home library Current library Date acquired Full call number Barcode Koha item type
      Non-fiction Sarojini Nagar Sarojini Nagar 23/05/2019 954 DHA B-055303 English Books

© Delhi Public Library
Hit Counter
free hit counter